Evaluation of the Medicare-DoD Subvention Demonstration (Record no. 352046)
[ view plain ]
| 000 -LEADER | |
|---|---|
| fixed length control field | 00685nam a2200133Ia 4500 |
| 008 - FIXED-LENGTH DATA ELEMENTS--GENERAL INFORMATION | |
| fixed length control field | 171212s9999 xx 000 0 und d |
| 020 ## - INTERNATIONAL STANDARD BOOK NUMBER | |
| International Standard Book Number | 9780833033178 |
| 100 ## - MAIN ENTRY--PERSONAL NAME | |
| Personal name | Farley, Donna O.;Harris, Katherine M.;Ashwood, J. Scott;Cherry, Geralyn K.;Dydek, George |
| 245 ## - TITLE STATEMENT | |
| Statement of responsibility, etc | Farley, Donna O.;Harris, Katherine M.;Ashwood, J. Scott;Cherry, Geralyn K.;Dydek, George |
| Title | Evaluation of the Medicare-DoD Subvention Demonstration |
| Remainder of title | Final Report |
| 260 ## - PUBLICATION, DISTRIBUTION, ETC. (IMPRINT) | |
| Name of publisher, distributor, etc | RAND Corporation |
| Date of publication, distribution, etc | 2003 |
| 650 ## - SUBJECT ADDED ENTRY--TOPICAL TERM | |
| Topical term or geographic name as entry element | Health Sciences |
| 650 ## - SUBJECT ADDED ENTRY--TOPICAL TERM | |
| Topical term or geographic name as entry element | Medicare; Retired military personnel -- Medical care; Health maintenance organizations; Managed care plans (Medical care) |
| 856 ## - ELECTRONIC LOCATION AND ACCESS | |
| Uniform Resource Identifier | <a href="www.jstor.org/stable/10.7249/mr1580cms">www.jstor.org/stable/10.7249/mr1580cms</a> |
| Withdrawn status | Lost status | Damaged status | Home library | Current library | Date acquired | Total Checkouts | Full call number | Date last seen | Price effective from | Koha item type |
|---|---|---|---|---|---|---|---|---|---|---|
| College Library | College Library | 12/12/2017 | RA412.3 .E936 2003 | 12/12/2017 | 12/12/2017 | Curriculum - Based eBooks |